| 000 | 00712nam a2200217Ia 4500 | ||
|---|---|---|---|
| 003 | GCL | ||
| 008 | 140319s9999 xx 000 0 ara d | ||
| 040 |
_aGCL / _cGCL |
||
| 082 | 0 | 4 |
_a212 _bم ص |
| 100 | 1 | _aمحمد محمد فهيم | |
| 245 | 1 | 0 |
_aصور التعاون فى الاسلام / _cمحمد محمد فهيم |
| 260 |
_aالقاهرة : _bمطابع دار الكتاب العربى ، _c1968 |
||
| 300 |
_a81 ص ؛ _c19 سم |
||
| 490 |
_aاخترنا للفلاح _v0 |
||
| 650 | 0 | 4 | _aالاقتصاد |
| 650 | 0 | 4 | _aالاسلام |
| 650 | 0 | 4 | _aالاخلاق الاسلامية |
| 650 | 0 | 4 | _aالاداب الاسلامية |
| 650 | 0 | 4 | _aالتعاون الزراعى |
| 942 |
_2ddc _cBK |
||
| 999 |
_c46771 _d46771 |
||